[Event "AUT-chT 2001-2002"]
[Site ""]
[Date "2002.01.20"]
[Round "8.6"]
[White "Hoellrigl, Wilfried"]
[Black "Stoll, Thomas"]
[Result "0-1"]
[WhiteElo "2196"]
[BlackElo "2249"]
[PlyCount "76"]
[EventDate "2002.01.20"]

1. e4 c5 2. c3 g6 3. d4 cxd4 4. cxd4 d5 5. exd5 Nf6 6. Nc3 Nxd5 7. Bb5+ Bd7 8.
Bc4 Bc6 9. Nf3 Bg7 10. O-O O-O 11. Re1 e6 12. Bg5 Nxc3 13. bxc3 Qc7 14. Bb3 Nd7
15. Qe2 Nb6 16. Ne5 Bd5 17. c4 Bxe5 18. dxe5 Bxc4 19. Qg4 Bxb3 20. axb3 Nd5 21.
Qh4 Rfe8 22. Rac1 Qa5 23. Qh6 Qb4 24. Re4 Qf8 25. Qh3 Rac8 26. Rec4 Nb6 27. Rh4
Rxc1+ 28. Bxc1 Qc5 29. Bf4 Rd8 30. g4 Rd1+ 31. Kg2 Qd5+ 32. f3 Qc5 33. Qg3 Rg1+
34. Kh3 Rxg3+ 35. hxg3 Qg1 36. g5 Qf1+ 37. Kg4 Nd5 38. Bd2 Qd3 0-1

[Event "AUT-chT 2001-2002"]
[Site ""]
[Date "2002.01.20"]
[Round "8.6"]
[White "Eichler, Christoph"]
[Black "Janetschek, Karl"]
[Result "1/2-1/2"]
[WhiteElo "2278"]
[BlackElo "2326"]
[PlyCount "43"]
[EventDate "2002.01.20"]

1. d4 e6 2. e4 c5 3. d5 exd5 4. exd5 d6 5. Nc3 Be7 6. h3 Nf6 7. g4 O-O 8. Nge2
a6 9. Bg2 b5 10. Ng3 Nbd7 11. O-O Nb6 12. Re1 b4 13. Nce2 Ne8 14. a3 a5 15.
axb4 axb4 16. Rxa8 Nxa8 17. Qd3 Nec7 18. Nf5 Bxf5 19. Qxf5 Nb6 20. Ng3 g6 21.
Qd3 Bf6 22. Nf1 1/2-1/2

[Event "AUT-chT 2001-2002"]
[Site ""]
[Date "2002.01.20"]
[Round "8.1"]
[White "Mueller, Karsten"]
[Black "Stohl, Igor"]
[Result "1/2-1/2"]
[WhiteElo "2506"]
[BlackElo "2534"]
[PlyCount "26"]
[EventDate "2002.01.20"]

1. e4 c6 2. c4 d5 3. exd5 cxd5 4. cxd5 Nf6 5. Nc3 Nxd5 6. Nf3 Nxc3 7. bxc3 g6
8. h4 Bg7 9. h5 Nc6 10. Qb3 Qc7 11. Bc4 e6 12. Rb1 b6 13. d4 Na5 1/2-1/2

[Event "AUT-chT 2001-2002"]
[Site ""]
[Date "2002.01.20"]
[Round "8.3"]
[White "Polzin, Rainer"]
[Black "Brestian, Egon"]
[Result "1/2-1/2"]
[WhiteElo "2469"]
[BlackElo "2428"]
[PlyCount "125"]
[EventDate "2002.01.20"]

1. e4 c5 2. Nf3 d6 3. d4 cxd4 4. Nxd4 Nf6 5. Nc3 g6 6. Be3 Bg7 7. f3 O-O 8. Qd2
Nc6 9. Bc4 Nd7 10. h4 Nb6 11. Bb3 Na5 12. Qd3 Nxb3 13. Nxb3 Be6 14. Bd4 Bc4 15.
Bxb6 Qc8 16. Nd5 Bxd5 17. exd5 axb6 18. c3 e5 19. dxe6 Qxe6+ 20. Kf2 d5 21. a3
Rfd8 22. Rad1 h5 23. Rhe1 Qd6 24. g3 Ra4 25. Re4 b5 26. Rb4 Rxb4 27. axb4 Qd7
28. Kg2 Re8 29. Rf1 b6 30. Rf2 Qc6 31. Nd4 Qc4 32. Qxc4 bxc4 33. Nc6 Re6 34. b5
Bf8 35. Rd2 Bc5 36. Kh3 Re3 37. Rxd5 Re2 38. Ne5 Rxb2 39. Nxc4 Rxb5 40. Nxb6
Rxb6 41. Rxc5 Rb2 42. g4 hxg4+ 43. fxg4 Kg7 44. Kg3 Rb1 45. c4 Rf1 46. Rc7 Kf6
47. c5 Rg1+ 48. Kf4 Rf1+ 49. Ke4 Rh1 50. g5+ Ke6 51. Rc6+ Ke7 52. Ra6 Rxh4+ 53.
Kd5 Rg4 54. Ra7+ Kd8 55. c6 Rf4 56. Kd6 Rd4+ 57. Ke5 Rc4 58. Kf6 Rf4+ 59. Ke5
Rc4 60. Rd7+ Kc8 61. Kd6 f6 62. Rc7+ Kd8 63. Rd7+ 1/2-1/2

[Event "AUT-chT 2001-2002"]
[Site ""]
[Date "2002.01.20"]
[Round "8.5"]
[White "Perhinig, Robert"]
[Black "Lendwai, Reinhard"]
[Result "1/2-1/2"]
[WhiteElo "2191"]
[BlackElo "2372"]
[PlyCount "138"]
[EventDate "2002.01.20"]

1. d4 d5 2. c4 c6 3. cxd5 cxd5 4. Nf3 Nc6 5. Nc3 Nf6 6. Bf4 a6 7. e3 Bg4 8. Be2
e6 9. O-O Be7 10. Rc1 O-O 11. Bg5 Na5 12. h3 Bxf3 13. Bxf3 b5 14. Ne2 Rc8 15.
Nf4 Nc4 16. Bxf6 Bxf6 17. Nd3 Qa5 18. Ra1 Be7 19. a3 Qb6 20. b4 Bd6 21. a4 Rc6
22. axb5 Qxb5 23. Qa4 Nd2 24. Qxb5 axb5 25. Rfd1 Nxf3+ 26. gxf3 Rc4 27. Ra6
Bxb4 28. Rb6 Rfc8 29. Rxb5 Bd6 30. f4 g6 31. Rb7 R8c7 32. Rxc7 Rxc7 33. Kg2 Kg7
34. Ne5 Kf6 35. Ra1 Kf5 36. Ra6 Bb4 37. Rb6 Ba3 38. Ra6 Bb4 39. Rb6 Be1 40. Nf3
Bc3 41. Rb8 Kf6 42. Rh8 Kg7 43. Rb8 h6 44. Rb6 Ba5 45. Ra6 Bb4 46. Rb6 Be7 47.
Rb2 Kf6 48. Ne5 Kg7 49. Nf3 Bf6 50. Ra2 g5 51. Kg3 Kg6 52. fxg5 hxg5 53. h4
gxh4+ 54. Nxh4+ Bxh4+ 55. Kxh4 Kf5 56. Kg3 Ke4 57. Ra3 f6 58. f3+ Kf5 59. Ra5
Rg7+ 60. Kf2 Rd7 61. Kg3 Kg5 62. e4 f5 63. f4+ Kh5 64. exf5 exf5 65. Ra8 Rb7
66. Rh8+ Kg6 67. Rd8 Kh5 68. Rh8+ Kg6 69. Rd8 Kh5 1/2-1/2

[Event "AUT-chT 2001-2002"]
[Site ""]
[Date "2002.01.20"]
[Round "8.6"]
[White "Mahdy, Khaled"]
[Black "Frosch, Ronald"]
[Result "1-0"]
[WhiteElo "2352"]
[BlackElo "2172"]
[PlyCount "79"]
[EventDate "2002.01.20"]

1. e4 e5 2. Nf3 Nc6 3. Bb5 a6 4. Ba4 Nf6 5. d3 b5 6. Bb3 Be7 7. O-O d6 8. c3
O-O 9. Re1 Na5 10. Bc2 c5 11. Nbd2 Re8 12. Nf1 h6 13. h3 Bf8 14. N3h2 Bb7 15.
Ng4 Nxg4 16. hxg4 d5 17. Qf3 d4 18. Bd2 Rc8 19. Rad1 Nc6 20. Bb3 Qf6 21. Qxf6
gxf6 22. Bd5 Nd8 23. Ng3 Rc7 24. c4 Bxd5 25. exd5 bxc4 26. dxc4 Bg7 27. Ba5 Rb7
28. b4 cxb4 29. Rxd4 b3 30. axb3 Rxb3 31. d6 Rf8 32. Rd5 f5 33. Nxf5 Bf6 34.
Bxd8 Rxd8 35. Rc1 Rb6 36. c5 Rc6 37. Ne7+ Bxe7 38. dxe7 Re8 39. Rd8 Rc8 40.
Rxc8 1-0

[Event "AUT-chT 2001-2002"]
[Site ""]
[Date "2002.01.20"]
[Round "8.3"]
[White "Wach, Markus"]
[Black "Rolletschek, Heinrich"]
[Result "1/2-1/2"]
[WhiteElo "2386"]
[BlackElo "2269"]
[PlyCount "109"]
[EventDate "2002.01.20"]

1. e4 e5 2. Nf3 Nc6 3. Bb5 a6 4. Ba4 d6 5. Bxc6+ bxc6 6. d4 f6 7. Be3 g6 8. Qd2
Bg7 9. Nc3 Ne7 10. Bh6 O-O 11. Bxg7 Kxg7 12. O-O-O Be6 13. h4 h6 14. Rdg1 Qc8
15. Nh2 Rb8 16. f4 Qb7 17. Nd1 exf4 18. Qxf4 Bxa2 19. Ng4 Ng8 20. h5 g5 21. Qf3
Be6 22. Nge3 Ne7 23. g4 Qb6 24. c3 c5 25. d5 Bd7 26. Rg2 Qb3 27. Kd2 Rbe8 28.
Rf1 Nc8 29. Nf5+ Kh7 30. Kc1 Re5 31. Ng3 Nb6 32. Rff2 Nc4 33. Qe2 Qa2 34. Qd3
Ba4 35. Rg1 Na5 36. Kd2 Bxd1 37. Rxd1 Qxb2+ 38. Ke1 Qb6 39. Ra1 c4 40. Qd4 Re7
41. Kf1 Nb3 42. Qxb6 cxb6 43. Rxa6 Rb7 44. Ra4 Nc5 45. Rxc4 Nd3 46. Ra2 Ne5 47.
Rb4 Nxg4 48. Ra6 f5 49. Nxf5 Ne3+ 50. Kg1 Nxf5 51. exf5 Rxf5 52. c4 Kg7 53.
Raxb6 Rxb6 54. Rxb6 Rf6 55. Kg2 1/2-1/2

[Event "AUT-chT 2001-2002"]
[Site ""]
[Date "2002.01.20"]
[Round "8.4"]
[White "Baumgartner, Heinz"]
[Black "Wittmann, Walter"]
[Result "1-0"]
[WhiteElo "2350"]
[BlackElo "2356"]
[PlyCount "61"]
[EventDate "2002.01.20"]

1. Nf3 Nf6 2. g3 g6 3. Bg2 Bg7 4. O-O d5 5. d4 O-O 6. c4 dxc4 7. Na3 Nc6 8.
Nxc4 Be6 9. b3 Bd5 10. Bb2 a5 11. Rc1 a4 12. bxa4 Ra6 13. a3 Qa8 14. a5 Rd8 15.
Qc2 Be4 16. Qb3 Bd5 17. Qc2 Bh6 18. e3 Be4 19. Qe2 Ne8 20. Bc3 Bd5 21. Rb1 Bxc4
22. Qxc4 Nxa5 23. Bxa5 Rxa5 24. Ne5 Nd6 25. Qxc7 Rxa3 26. Bxb7 Nxb7 27. Rxb7
Bf8 28. Rfb1 Ra1 29. Qc4 Rxb1+ 30. Rxb1 e6 31. Qc7 1-0

[Event "AUT-chT 2001-2002"]
[Site ""]
[Date "2002.01.20"]
[Round "8.5"]
[White "Kuba, Guenter"]
[Black "Woeber, Friedrich"]
[Result "1/2-1/2"]
[WhiteElo "2313"]
[BlackElo "2189"]
[PlyCount "54"]
[EventDate "2002.01.20"]

1. e4 e5 2. Nf3 Nc6 3. Nc3 g6 4. d4 exd4 5. Nxd4 Bg7 6. Be3 Nf6 7. Be2 O-O 8.
Qd2 Re8 9. Nxc6 bxc6 10. Bf3 d6 11. O-O Nd7 12. Bg5 Bf6 13. Bxf6 Qxf6 14. Rae1
Rb8 15. b3 Kg7 16. Be2 Nc5 17. Bc4 Be6 18. Bxe6 Nxe6 19. Re3 Qd4 20. Rd3 Qc5
21. Kh1 Ng5 22. Re1 Rb4 23. f3 Ne6 24. Na4 Qa5 25. Qc3+ f6 26. Nb2 Rb5 27. Qxa5
Rxa5 1/2-1/2

[Event "AUT-chT 2001-2002"]
[Site ""]
[Date "2002.01.20"]
[Round "8.6"]
[White "Winiwarter, Felix"]
[Black "Ivancsics, Michael"]
[Result "0-1"]
[WhiteElo "2174"]
[BlackElo "2299"]
[PlyCount "106"]
[EventDate "2002.01.20"]

1. e4 g6 2. d4 Bg7 3. f4 d5 4. e5 Bf5 5. Nf3 e6 6. Be2 Bg4 7. Be3 Ne7 8. Qd2
Nd7 9. Na3 Nf5 10. Bf2 Bf8 11. O-O Be7 12. c3 c5 13. h3 Bxf3 14. Bxf3 cxd4 15.
cxd4 h5 16. Rfc1 h4 17. Rc2 Nb8 18. Nb5 Nc6 19. a3 O-O 20. Nc3 Na5 21. Rd1 Rc8
22. Qe2 Rc6 23. Rd3 Nc4 24. Bg4 Kg7 25. Bxf5 exf5 26. Qf3 Nb6 27. Re2 Qd7 28.
Kh2 Rfc8 29. Be1 Rc4 30. Bf2 Qc6 31. Be1 Qe6 32. Ree3 Rd8 33. b3 Rc6 34. a4 Na8
35. Qd1 Nc7 36. Qa1 Qd7 37. Qb2 Ne6 38. Rf3 Rcc8 39. b4 Rc4 40. Nb5 a6 41. Nd6
Bxd6 42. exd6 Qxd6 43. Bxh4 g5 44. Bxg5 Nxg5 45. Rg3 Qxf4 46. Rdf3 Qc7 47. Rxf5
f6 48. Rfxg5+ fxg5 49. Qd2 Kf7 50. Qxg5 Ke8 51. h4 Kd7 52. Qf5+ Kc6 53. Kh3 Qd7
0-1

[Event "AUT-chT 2001-2002"]
[Site ""]
[Date "2002.01.20"]
[Round "8.2"]
[White "Lehner, Oliver"]
[Black "Atlas, Valeri"]
[Result "0-1"]
[WhiteElo "2437"]
[BlackElo "2484"]
[PlyCount "122"]
[EventDate "2002.01.20"]

1. d4 Nf6 2. Nf3 e6 3. e3 b6 4. Bd3 Bb7 5. Nbd2 d5 6. c4 Bd6 7. Qc2 O-O 8. c5
Be7 9. b4 c6 10. Bb2 a5 11. a3 Ba6 12. O-O Bxd3 13. Qxd3 Nbd7 14. Nb3 Ne4 15.
Rfc1 a4 16. Nbd2 Nxd2 17. Qxd2 b5 18. Re1 f5 19. Qd3 Qc7 20. Nd2 Bg5 21. Re2
Rf7 22. Rae1 Raf8 23. f3 Bh6 24. Nf1 Nf6 25. Bc3 g5 26. Rd1 g4 27. f4 Ne4 28.
Be1 Qe7 29. Ng3 Bg7 30. Nh5 Qd8 31. Rc1 Rd7 32. Qd2 Qe8 33. Ng3 Bf6 34. Bf2 Rg7
35. Qe1 Qe7 36. Nh5 Rg6 37. Nxf6+ Qxf6 38. Bh4 Qg7 39. g3 Rh6 40. Rg2 Kf7 41.
Rcc2 Ke8 42. Kf1 Rh5 43. Ke2 Rg8 44. Kd3 Qf7 45. Rce2 Rg6 46. Rg1 Rgh6 47. Reg2
Kd7 48. Kc2 Kc8 49. Kb2 Kd7 50. Kc2 Nf6 51. Bxf6 Qxf6 52. Qf2 Rh3 53. Kd2 Rg6
54. Kc2 h5 55. Kb2 Rh6 56. Ka2 Rh7 57. Kb2 h4 58. Kc2 Qh8 59. Kb2 Ke7 60. Kc2
Kf6 61. Kc3 Rxh2 0-1

[Event "AUT-chT 2001-2002"]
[Site ""]
[Date "2002.01.20"]
[Round "8.3"]
[White "Gustafsson, Jan"]
[Black "Vogt, Lothar"]
[Result "1/2-1/2"]
[WhiteElo "2526"]
[BlackElo "2460"]
[PlyCount "37"]
[EventDate "2002.01.20"]

1. c4 c5 2. Nf3 g6 3. e4 Nc6 4. d4 cxd4 5. Nxd4 Nf6 6. Nc3 d6 7. Be2 Nxd4 8.
Qxd4 Bg7 9. Bg5 O-O 10. Qd2 Be6 11. Rc1 Qa5 12. f3 Rfc8 13. b3 a6 14. Na4 Qxd2+
15. Kxd2 Nd7 16. g4 Kf8 17. Be3 Rcb8 18. Nc3 b5 19. Nd5 1/2-1/2

[Event "AUT-chT 2001-2002"]
[Site ""]
[Date "2002.01.20"]
[Round "8.5"]
[White "Gaertner, Guntram"]
[Black "Neumeier, Klaus"]
[Result "1/2-1/2"]
[WhiteElo "2392"]
[BlackElo "2344"]
[PlyCount "125"]
[EventDate "2002.01.20"]

1. d4 Nf6 2. c4 g6 3. Nc3 Bg7 4. e4 d6 5. h3 O-O 6. Bg5 Na6 7. Bd3 e5 8. d5 c6
9. Nge2 Nc5 10. Bc2 cxd5 11. cxd5 a5 12. a3 Bd7 13. O-O Qb6 14. Rb1 Rfc8 15.
Be3 Qd8 16. b4 axb4 17. axb4 Na6 18. Bd3 Be8 19. g4 Nd7 20. Na4 Qh4 21. Kg2 Bh6
22. Qd2 Bxe3 23. Qxe3 Nc7 24. Ra1 f5 25. gxf5 gxf5 26. Qg3+ Qxg3+ 27. Nxg3 fxe4
28. Nxe4 Bg6 29. Nac3 Nb6 30. Nf6+ Kg7 31. Bxg6 hxg6 32. Nfe4 Ncxd5 33. Nxd5
Nxd5 34. Nxd6 Nf4+ 35. Kh2 Rxa1 36. Rxa1 Rc2 37. Kg3 Rc3+ 38. Kh2 Rxh3+ 39. Kg1
Rb3 40. Nxb7 Rxb4 41. Nd6 Kf6 42. Re1 Nd3 43. Re3 Rb1+ 44. Kh2 Nxf2 45. Rf3+
Ke6 46. Rxf2 Kxd6 47. Rf6+ Kd5 48. Kg2 g5 49. Rg6 Rb4 50. Rxg5 Rf4 51. Rg3 e4
52. Ra3 Kc4 53. Kg3 Rf8 54. Ra4+ Kd3 55. Ra3+ Kd2 56. Ra2+ Kc3 57. Ra3+ Kd4 58.
Ra4+ Ke5 59. Ra5+ Ke6 60. Ra6+ Kf5 61. Ra5+ Kg6 62. Re5 Rf3+ 63. Kg4 1/2-1/2